| 000 | 00367cam a2200133 4500 | ||
|---|---|---|---|
| 001 | 3928 | ||
| 010 | _a 92160788 | ||
| 245 | 0 | 4 | _aThe Sivananda yoga training manual. |
| 260 |
_aNew York, NY : _bSivananda Yoga Vedanta Centre, _c[c1991]. |
||
| 300 |
_a78 p. : _bill. ; _c19 cm. |
||
| 500 | _aCover title. | ||
| 650 | 0 | _aHatha yoga. | |
| 710 | 2 | _aSivananda Yoga Vedanta Center. | |
| 999 |
_c3207 _d3207 |
||